Cola de León / (Registro nro. 8176)

Detalles MARC
000 -LIDER
fixed length control field 01222nam a2200349 a 4500
001 - NÚMERO DE CONTROL
Identificador de número de control 000007022
003 - IDENTIFICACDOR DE NÚMERO DE CONTROL
control field DO-SdBNP
005 - DATE AND TIME OF LATEST TRANSACTION
control field 20171103110453.0
007 - CAMPOS FIJOS DE DESCRIPCIÓN FÍSICA
fixed length control field 000007022
008 - ELEMENTOS DE LONGITUD FIJA
fixed length control field 090904s20052007dr a 000 0 spa d
020 ## - ISBN
International Standard Book Number 9789945161007
040 ## - FUENTE DE CATALOGACIÓN
Agencia que crea de manera original el registro BPMSU
Idioma de catalogación spa
Agencia que realiza la transcripción BPMSU
092 ## - LOCALLY ASSIGNED DEWEY DECIMAL CALL NUMBER
Número de clasificación Cu868.44
Número de ítem (Cutter) B422c
100 1# - ASIENTO PRINCIPAL -- NOMBRE PERSONAL
Nombre personal Beiro Álvarez, Luis,
Fechas asociadas con el nombre 1989-
245 10 - MENCIÓN DE TITULO
Título Cola de León /
Mención de responsabilidad Luis Beiro Álvarez ; prólogo, selección y edición Carlos X. Ardavín.
260 ## - PUBLICACIÓN, DISTRIBUCIÓN, ETC. (PIE DE IMPRENTA)
Lugar de publicación, distribución, etc San Juan, Puerto Rico :
-- Santo Domingo :
Nombre del editor, distribuidor, etc. Búho
Fecha de publicación, distribución, etc 2007
300 ## - DESCRIPCIÓN FÍSICA
Extensión 145 p. :
Otros detalles físicos il. ;
Dimensiones 20 cm.
500 ## - NOTA GENERAL
Nota general Incluye datos biográficos del autor en la solapa de la cubierta.
650 #4 - ENCABEZAMIENTO DE MATERIA--TEMÁTICO
Término temático o nombre geográfico como elemento de entrada ENSAYOS CUBANOS
650 #4 - ENCABEZAMIENTO DE MATERIA--TEMÁTICO
Término temático o nombre geográfico como elemento de entrada LITERATURA CUBANA
650 #4 - ENCABEZAMIENTO DE MATERIA--TEMÁTICO
Término temático o nombre geográfico como elemento de entrada ARTÍCULOS DE PRENSA
650 #4 - ENCABEZAMIENTO DE MATERIA--TEMÁTICO
Término temático o nombre geográfico como elemento de entrada DIARIOS DOMINICANOS
Subdivisión temática general SECCIONES, COLUMNAS, ETC.
700 12 - ASIENTO SECUNDARIO -- NOMBRE PERSONAL
Nombre personal Ardavin, Carlos X.,
Mención de responsabilidad pról.
730 0# - ADDED ENTRY--UNIFORM TITLE
Uniform title Listín diario (República Dominicana)
910 ## - VALIDACIÓN
Validación Validado. Control de calidad MFF
942 ## - ADDED ENTRY ELEMENTS (KOHA)
Source of classification or shelving scheme Dewey Decimal Classification
Koha item type Libros
945 ## - INFORMACIÓN DE PROCESAMIENTO LOCAL
Información de procesamiento local Inventariado, 2017/MFF
956 ## - LOCAL ELECTRONIC LOCATION AND ACCESS (OCLC)
Nombre de host IGARCIA
Número de acceso 10
Información de compresión 20090915
Inicio de sesión BND01
Procesador de solicitud 1113
956 ## - LOCAL ELECTRONIC LOCATION AND ACCESS (OCLC)
Nombre de host MFILETO
Número de acceso 40
Información de compresión 20140617
Inicio de sesión BND01
Procesador de solicitud 1409
956 ## - LOCAL ELECTRONIC LOCATION AND ACCESS (OCLC)
Nombre de host VMATEO
Número de acceso 10
Información de compresión 20150811
Inicio de sesión BPMSU
Procesador de solicitud 00151
956 ## - LOCAL ELECTRONIC LOCATION AND ACCESS (OCLC)
Nombre de host VMATEO
Número de acceso 10
Información de compresión 20150811
Inicio de sesión BPMSU
Procesador de solicitud 00151
Existencias
Withdrawn status Lost status Source of classification or shelving scheme Damaged status Not for loan Collection code Home library Current library Date acquired Total Checkouts Barcode Date last seen Price effective from Koha item type
    Dewey Decimal Classification       Biblioteca Pública Metropolitana Salomé Ureña Biblioteca Pública Metropolitana Salomé Ureña 08/11/2015   BPMET15080295 08/11/2015 08/11/2015 Libros